Normal view MARC view

Entry Topical Term

Number of records used in: 1

001 - CONTROL NUMBER

  • control field: 282024

003 - CONTROL NUMBER IDENTIFIER

  • control field: MY-SjTCS

005 - DATE AND TIME OF LATEST TRANSACTION

  • control field: 20200306170243.0

008 - FIXED-LENGTH DATA ELEMENTS

  • fixed length control field: 200306|| aca||aabn | a|a d

040 ## - CATALOGING SOURCE

  • Original cataloging agency: MY-SjTCS
  • Transcribing agency: MY-SjTCS

150 ## - HEADING--TOPICAL TERM

  • Topical term or geographic name entry element: Cosmic rays

670 ## - SOURCE DATA FOUND

  • Source citation: Work cat.: (MY-SjTCS)61088: International Workshop on Energy Budget in the High Energy Universe (2006 : Institute for Cosmic Ray Research) 282023, Energy budget in the high energy universe, c2007.